LEADER 01431nam a2200277 i 4500 001 000000212279 003 CaOOAMICUS 005 20220113085417.0 008 120403s1858 it u000 u mul u 013 $a191110 040 $aSeMil$bita 100 1 $aQuintilianus, Marcus Fabius,$d.$0(OLS)http://semarc/name/6237 245 12$aI dodici libri delle istituzioni oratorie di M. Fabio Quintiliano /$ctradotti da Jacopo Gariglio ; ed illustrati con note. 246 01$aM. Fabii Quintiliani Institutionum oratoriarum libri duodecim 260 $aVenezia :$bNel privil. stabilimento nazionale di G. Antonelli,$c1858. 300 $a1716 col. ;$c27 cm. 490 0 $aBiblioteca degli scrittori latini : con testo a fronte 500 $aFront. e testo originale a fronte. 700 1 $aGariglio, Jacopo.$0(OLS)http://semarc/name/75752 830 0$aBiblioteca degli scrittori latini : con testo a fronte.$0(OLS)http://semarc/title/35760 850 $aSeMil 852 $aSeMil$W1$xVenegono$y1$m1X IV 70 FA$j162713$B162713$CSeMilBibl$Z2$F173910 $8I 996 $6245$aI dodici libri delle istituzioni oratorie di M. Fabio Quintiliano$9(OLS)http://semarc/title/306569 996 $6246$aM. Fabii Quintiliani Institutionum oratoriarum libri duodecim$9(OLS)http://semarc/title/306570 996 $6260$aVenezia :$bNel privil. stabilimento nazionale di G. Antonelli$9(OLS)http://semarc/publisher/52631 LEADER 01058nam a2200241 i 4500 001 000000082984 003 CaOOAMICUS 005 20030909000000.0 008 030909s1981 fr u000 u mul u 013 $a55224 040 $aSeMil$bita 100 1 $aFrancesco : d'Assisi,$c.$0(OLS)http://semarc/name/18131 245 10$aÉcrits /$cFrançois d'Assise ; introduction, traduction, notes et index par Théophile Desbonnets ... [et al.]. 300 $a408 p. ;$c20 cm. 490 0 $aSources Chrétiennes ;$vN°285 500 $aIn mezzo al front. : texte latin de l'éd. de K. Esser. - Testo latino a fronte. - Dalla biblioteca del card. Giovanni Colombo. 700 1 $aDesbonnets, Théophile,$c.$0(OLS)http://semarc/name/39133 830 0$aSources chrétiennes ;$vN°285.$0(OLS)http://semarc/title/72 850 $aSeMil 852 $aSeMil$W1$xVenegono$y1$mSL1.T VI 285$j47717$B47717$CSeMilBibl$Z2$F50583 $8I 941 1 $a3 961 $aLascito: Colombo Card. Giovanni 996 $6245$aÉcrits$9(OLS)http://semarc/title/13387